000 00628nam a2200181 i 4500
001 130252
003 ES-MaACL
007 t|
008 070724s1980 sp ||||1| spa d
100 1 _aZabalza Beraza, Miguel Angel.
_9117805
245 1 3 _aLa investigación psíquica del muchacho inadaptado
_b: el autoconcepto /
_cMiguel Angel Zabalza Beraza.
260 _aMadrid :
_bUniversidad Complutense . Departamento de Psicología Experimental,
_c1980.
300 _a2 v. ;
_c21 cm.
500 _aGrab. intercal.
502 _aTesis doctoral.
650 1 4 _aNiños-
_xPsicología.
_915554
852 _aES-MaACL
_jL-336-7
_bR.101131
999 _c130252
_d130252